Maschi all'opera : soggetti eccentrici nel teatro di Benjamin Britten /

Saved in:
Bibliografiske detaljer
Hovedforfatter: Emanuele, Marco, (1969- )
Andre forfattere: Valentino, Luca (Author of introduction, etc.)
Format: Bog
Sprog:italiensk
Udgivet: Milano ; Udine : Mimesis, 2016
Serier:Mimesis. LGBT ; 19
Fag:
Tags: Tilføj Tag
Ingen Tags, Vær først til at tagge denne postø!

MARC

LEADER 00000nam a2200000 i 4500
001 IT\ICCU\MIL\0911005
003 ItRI
005 20260115232114.0
008 160707s2016 it |||||| ||||| |||||c
015 |2 IT  |a 2016-8480 
020 |a 9788857527949 
040 |b ita  |c importazione bologna sebina 
041 7 |a ita  |2 ISO-639-2 
082 |a 782.1092  |9 FORME VOCALI DRAMMATICHE OPERE. Persone  |2 23 
100 1 |a Emanuele, Marco,  |d  (1969- )  |0 IT\ICCU\REAV\095141 
245 1 0 |a Maschi all'opera :  |b soggetti eccentrici nel teatro di Benjamin Britten /  |c Marco Emanuele ; prefazione di Luca Valentino. 
260 |a Milano ;  |a Udine :  |b Mimesis,  |c 2016 
300 |a XI, 504 p. ;  |c 21 cm 
650 7 |a Britten, Benjamin  |x Opere in musica  |x Personaggi maschili 
700 1 |a Valentino, Luca  |0 IT\ICCU\LO1V\039489  |4 aui 
830 0 |a Mimesis. LGBT ;  |v 19  |0 IT\ICCU\UBO\3672838 
942 |2 ddc  |c BK  |n 0 
952 |0 0  |1 0  |4 0  |6 DOC_780_920000000000000_EMA  |7 0  |9 20129  |a BO  |b BO  |d 2026-01-15  |i 18265  |l 0  |o DOC 780.92 EMA  |p BO18265  |r 2026-01-15 23:21:14  |w 2026-01-15  |x [Sebina 5] [1 v.]  |y BK  |z 1 v. 
999 |c 17161  |d 17161